00758pam a2200241 a 4500001000800000005001700008008004100025010001700066020003600083040002300119041000800142060002200150080001100172082001500183100000700198101000800205245006100213504005300274906004500327942001200372999001700384952011500401354314420180823041539.0970512s1998 nyua b 001 0 eng c a 97021696  a0471111228 (cloth : alk. paper) aDNLM/DLCcDLCdDLC aeng10aWM 100 D265a 1997 a616.8900a616.892211 a46 aPSI10aAbnormal psychology /cGerald C. Davison, John M. Neale. aIncludes bibliographical references and indexes. a7bcbccorignewd1eocipf19gy-gencatlg 2ddccBK c47262d47262 00102lcc40708PËKGa002b002cPËKGd2018-08-23l0o616.89 DAVp002-3012123r2018-08-23w2018-08-23yBK